000 00648nam a2200229 i 4500
001 C2-0279354
003 PPAK
005 20180728010615.0
008 070424s xx a|||| ||||| | may d
040 _aPPAK
_beng
_cPPAK
_erda
082 0 4 _a928.9923
_223
090 0 0 _a928.9923
_bZAK
_dKK
100 0 _aZakry Abadi,
_eauthor
245 1 0 _aJihaty Abadi yang kini jadi munshi
300 _a4 pages :
_billustrations ;
_c30 cm
336 _2rdacontent
_atext
337 _2rdamedia
_aunmediated
338 _2rdacarrier
_avolume
500 _aPetikan dari majalah Mastika September 1972
650 1 0 _aAuthors, Malay - Biography
942 _ddc
_cB
999 _c86028
_d86028